000 00293nam a22001337a 4500
008 181015b xxu||||| |||| 00| 0 eng d
020 _a2901418843693
041 _aeng
080 _a004
100 _a28
101 _aSHKI
245 _aDiscovering Computers 2007
_cShelly
942 _2udc
_cBK
999 _c49741
_d49741